00625nam a2200169Ia 4500003000900000008004100009020001800050040001600068080001600084245019200100260004200292300001500334650004100349650001400390650002900404700002200433IN-BaIIA211028s9999 xx 000 0 eng d a90-227-2050-9 cIIA Library a550.38bMAG 0aMagnetism, planetary rotation and convection in the solar systembretrospect and prospect in honour of Prof. S. K. Runcorncedited by W. O'Reilly  aDordrechtbD. Reidel Publishingc1985 axiv, 255p. aAstronomy and astrophysics thesaurus aMagnetism aSolar magnetism rotation aO'Reilly, W .,ed.